The rural history of medieval European societies. - Turnhout : Brepols. - 2007 [Rezension]

Titel: The rural history of medieval European societies. - Turnhout : Brepols. - 2007 [Rezension]
Verfasser:
In: Revue historique, Band 132/310, Heft 645 (2008), Seite 125-126
alle Artikel anzeigen
Veröffentlicht: 2008
Format: Aufsatz
Sprache: Französisch
Kein Bild verfügbar
X
alg: 39489144
001A    $01999:12-11-16 
001B    $01999:01-06-17 $t18:09:29.000 
001D    $01999:12-11-16 
001U    $0utf8 
001X    $00 
002@    $0Aox 
003@    $0394891449 
007A    $0394891449 $aHEB 
007T    $0Herdc0038792m 
010@    $afre 
011@    $a2008 
021A    $aThe @rural history of medieval European societies. - Turnhout : Brepols. -  2007 [Rezension] 
028A    $aCarrier $dNicolas 
031A    $d132/310 $e645 $h125-126 $j2008 
039B    $aIn $8--Abvc--. Revue historique. - Paris : Presses Univ. de France, 1876-. - ISSN 0035-3264 $x200800001320645875 $9047310693 
039T    $8--Aau--. The @rural history of medieval European societies. - Turnhout : Brepols, 2007. - VIII, 310 S.. - ISBN 978-2-503-52069-8 $9184213169 
045T    $a8 

lok: 39489144 78

exp: 39489144 78 1 #EPN
201B/01 $018-11-16 $t13:03:31.000 
201U/01 $0utf8 
203@/01 $0791190021 
208@/01 $a12-11-16 $be 
209A/01 $a/ $f000 $x00 
220C/01 $aTitelaufnehmer: pg 
220C/01 $aHerkunft: HI Marburg 
244Z/01 $2Trx $#arvustused $#recenzijos $#Reviews $#recenziók $#recenzje $#recenzie $#recenze $8--Trx--Rezensionen $x01 $9391357441 
247C/01 $82080>Marburg/Lahn, Herder-Institut, Forschungsbibliothek, Bibliographieportal $9336309341
LEADER 00000caa a22000002c 4500
001 394891449
003 DE-603
005 20170601180929.0
007 tu
008 161112s2008 xx |||| | u00||u|fre c
035 |a (DE-599)HEB394891449 
040 |a DE-603  |b ger  |c DE-603  |d DE-603 
041 |a fre 
084 |a 8  |2 ssgn 
100 1 |a Carrier, Nicolas 
245 0 0 |a ˜Theœ rural history of medieval European societies. - Turnhout : Brepols. - 2007 [Rezension] 
264 0 |c 2008 
773 0 8 |i In  |t Revue historique  |d Paris : Presses Univ. de France, 1876-  |x 0035-3264  |g Band 132/310, Heft 645 (2008), Seite 125-126  |w (DE-603)047310693  |w (DE-600)209825-8 
787 0 8 |i Rezension von  |t ˜Theœ rural history of medieval European societies  |d Turnhout : Brepols, 2007  |h VIII, 310 S.  |z 9782503520698  |w (DE-603)184213169 
924 0 |9 2080  |a (DE-603)791190021  |b DE-2080  |c HES  |d d  |g /